书目信息 |
| 题名: |
毛泽东建党学说史
|
|
| 作者: | 张蔚萍 , 张列军 著 | |
| 分册: | 上册 | |
| 出版信息: | 南昌 江西人民出版社 1987 |
|
| 页数: | 591页 | |
| 开本: | 20cm | |
| 丛书名: | ||
| 单 册: | ||
| 中图分类: | D20 | |
| 科图分类: | ||
| 主题词: | 毛泽东思想--建党思想 , 中国共产党 | |
| 电子资源: | ||
| ISBN: | ||
| 000 | 00779nam0 2200265 45 | |
| 001 | 0187000756 | |
| 005 | 20060526104456.56 | |
| 010 | @b精装@dCNY3.96 | |
| 091 | @a3110.171 | |
| 100 | @a19900808d1987 kemy0chiy0121 ea | |
| 101 | 0 | @achi |
| 102 | @aCN@b360000 | |
| 105 | @ay z 000yy | |
| 200 | 10 | @a毛泽东建党学说史@Amao ze dong jian dang xue shuo shi@h上册@f张蔚萍,张列军著@Fzhang wei ping,zhang lie jun zhu |
| 210 | @a南昌@c江西人民出版社@d1987 | |
| 215 | @a591页@d20cm | |
| 601 | 02 | @a中国共产党@x建党原则 |
| 606 | @a毛泽东思想@x建党思想 | |
| 606 | 0 | @a中国共产党 |
| 690 | @aD20 | |
| 701 | 0 | @a张蔚萍@Azhang wei ping@4著 |
| 701 | 0 | @a张列军@Azhang lie jun@4著 |
| 801 | 2 | @aCN@bNLC@c20060526 |
| 801 | 0 | @aCN@b深圳图书馆@c20040427 |
| 905 | @f1@b205611@dD20@e42:1 | |
| 毛泽东建党学说史.上册/张蔚萍,张列军著.-南昌:江西人民出版社,1987 |
| 591页;20cm |
| ISBN (精装):CNY3.96 |
| ● |
| 相关链接 |
|
|
|
|
正题名:毛泽东建党学说史
索取号:D20/42:1
 
预约/预借
| 序号 | 登录号 | 条形码 | 馆藏地/架位号 | 状态 | 备注 |
| 1 | 0205611 | 001010079 | 第一借阅区/ [索取号:D20/42:1] | 在馆 | |
| 2 | 0205612 | 202387345 | 密集书库/ [索取号:D20/42:1] | 在馆 | |
| 3 | 0205613 | 002049991 | 第一样本阅览室/ [索取号:D20/42:1] | 在馆 |